| 000 | 00558nam a22001937a 4500 | ||
|---|---|---|---|
| 999 |
_c7753 _d7753 |
||
| 003 | OSt | ||
| 005 | 20220301113232.0 | ||
| 008 | 220301b ||||| |||| 00| 0 eng d | ||
| 020 | _a9780822330219 | ||
| 040 | _cDDC | ||
| 082 | _a304.4 MAH 2008 | ||
| 100 |
_aMahanty, Talpade Chandra _915809 |
||
| 245 |
_aFeminist without borders _b: decolinizind theory, practicing solidality |
||
| 260 |
_aLondon _b: Duke universty _c, 2008 |
||
| 300 |
_aviii,300p. _c; 23 cm |
||
| 504 | _aBibliography Index | ||
| 650 |
_aFeminist commitments _915810 |
||
| 942 |
_2ddc _cBOOK |
||